Datum a čas kvízu
14.5
Celkem bodů
Celkový počet nahraných bodů na tomto kvízu bez doplňovacích otázek.
13.
Pořadí na kvízu
Konečné umístění týmu na tomto kvízu.
Zaznamenané odpovědi
| # | Otázka | Odpověď | Body | Výsledky |
|---|---|---|---|---|
| 1. | Starosta jedné městské části T... | v Brně | 0 | |
| 2. | Ve čtvrtek jsme se dozvěděli,... | Katy Perry | 1 | |
| 3. | Jak se nazývá film, který v no... | Anora | 0 | |
| 4. | V úterý sjel z výrobní linky p... | 815 | 0 | |
| 5. | Ve středu odstartoval v norské... | klasické (severské) lyžování | 0 | |
| 6. | Které souostroví se v češtině... | Kapverdy | 0 | |
| 7. | Na okraji obce ve Zlínském kra... | Modrá | 0 | |
| 8. | Která známá historická osobnos... | Adolf Hitler | 0 | |
| 9. | Jak se jmenuje národní park, v... | Yellowstonský národní park | 1 | |
| 10. | Jak se nazývá německé pohoří,... | Černý les (Schwarzwald) | 0 |